Países que terminan de la A-Z - Estadísticas

Estadísticas generales
  • Esta prueba ha sido intentada 15.036 veces
  • La puntuación promedio es 10 de 15
Estadísticas de respuestas
Letra País % Correcto
A Albania | Alemania | Andorra +90
100%
N Afganistán | Azerbaiyán | Baréin +18
88%
O Burkina Faso | Egipto | Luxemburgo +14
85%
S Bahamas | Bangladés | Barbados +13
83%
L Brasil | Costa de Marfil | Guinea Ecuatorial +6
82%
I Brunéi | Burundi | Fiyi +6
75%
E Belice | Cabo Verde | Chile +6
73%
R Catar | Corea del Sur | Myanmar +6
73%
U Guinea-Bissau | Nauru | Perú +2
67%
K Irak
59%
Y Paraguay | Uruguay
55%
M Surinam | Vietnam
50%
D Chad
49%
Z Túnez
39%
T Kuwait
34%
No se encontraron pruebas coincidentes
Distribución de puntuación
Porcentaje de gente con cada puntuación
Porcentaje por número respondido
Historial de tus puntuaciones
No has intentado esta prueba.